Society at the time of the Buddha. (Record no. 74841)
[ view plain ]
| 000 -LEADER | |
|---|---|
| fixed length control field | 00622cam a22002291 4500 |
| 001 - CONTROL NUMBER | |
| control field | sa 67004896 |
| 003 - CONTROL NUMBER IDENTIFIER | |
| control field | DLC |
| 005 - DATE AND TIME OF LATEST TRANSACTION | |
| control field | 20260227112352.0 |
| 008 - FIXED-LENGTH DATA ELEMENTS--GENERAL INFORMATION | |
| fixed length control field | 720308s1966 ii b 000 0 eng |
| 010 ## - LIBRARY OF CONGRESS CONTROL NUMBER | |
| LC control number | sa 67004896 |
| 035 ## - SYSTEM CONTROL NUMBER | |
| System control number | (OCoLC)259007 |
| 040 ## - CATALOGING SOURCE | |
| Original cataloging agency | DLC |
| Transcribing agency | ODaWU |
| Modifying agency | NSyU |
| -- | DLC |
| 042 ## - AUTHENTICATION CODE | |
| Authentication code | premarc |
| 050 00 - LIBRARY OF CONGRESS CALL NUMBER | |
| Classification number | HN683 |
| Item number | .W34 |
| 100 1# - MAIN ENTRY--PERSONAL NAME | |
| Personal name | Wagle, N. K. |
| Fuller form of name | (Narendra K.) |
| 245 10 - TITLE STATEMENT | |
| Title | Society at the time of the Buddha. |
| 260 ## - PUBLICATION, DISTRIBUTION, ETC. | |
| Place of publication, distribution, etc. | Bombay, |
| Name of publisher, distributor, etc. | Popular Prakashan, |
| Date of publication, distribution, etc. | [1966] |
| 300 ## - PHYSICAL DESCRIPTION | |
| Extent | viii, 314 p. |
| Dimensions | 23 cm. |
| 504 ## - BIBLIOGRAPHY, ETC. NOTE | |
| Bibliography, etc. note | Bibliography: p. 303-307. |
| 651 #0 - SUBJECT ADDED ENTRY--GEOGRAPHIC NAME | |
| Geographic name | India |
| General subdivision | Social conditions. |
| 730 0# - ADDED ENTRY--UNIFORM TITLE | |
| Uniform title | Tripitaka. |
No items available.